| 000 | 01214nam a2200253Ia 4500 | ||
|---|---|---|---|
| 003 | Ost | ||
| 005 | 20260507075401.0 | ||
| 008 | 260507s9999||||xx |||||||||||||| ||und|| | ||
| 020 | _a8583299579 | ||
| 040 | _cfsecg | ||
| 041 | _aara | ||
| 082 | _a330 | ||
| 100 |
_aالمعاضيدي، معن وعد الله _eمؤلف |
||
| 245 | 0 |
_aتأثير الذكاء التنافسي في تحديد الخيار الإستراتيجي على مستوى وحدة الأعمال : _bدراسة حالة في شركة الاتصالات النقالة / _c معن وعد الله المعاضيدي |
|
| 260 |
_aعمان: _bدار الحامد, _c2015 |
||
| 300 |
_a204 صفحة؛ _bإيضاحات ؛ _c25 سم |
||
| 504 | _aالملاحق ص.193 | ||
| 520 | _aيضم الدراسات ذات العلاقة مع الذكاء التنافسي ومنهجية الدراسة، الذكاء التنافسي، السلوك و الخيار الاستراتيجي، عرض وتحليل نتائج دراسة الحالة | ||
| 653 | _aإدارة الأعمال | ||
| 653 | _aالذكاء | ||
| 653 | _aالمنافسة | ||
| 700 |
_aمحمد، سليمان وزيرة يحي _eمؤلف ثانوي |
||
| 942 | _cكتاب | ||
| 999 |
_c44272 _d44272 |
||